|
|
|
|
| LEADER |
00000nam a2200000 a 4500 |
| 001 |
vtls012082948 |
| 003 |
SK-MaSNL |
| 005 |
20260301104524.0 |
| 008 |
220111s1775 hu a 0 0n0dlat |
| 015 |
|
|
|a SNBHFA
|
| 040 |
|
|
|a SNKHF
|b slo
|c SNK
|e AACR2
|
| 041 |
0 |
|
|a lat
|
| 044 |
|
|
|a hu
|c HU
|
| 072 |
|
7 |
|a 808
|x Literárny štýl. Literárna činnosť a technika. Efektívne využívanie jazyka. Spisovateľská činnosť
|2 konspekt
|
| 080 |
|
|
|a 808.5-055.1
|2 2011
|
| 100 |
1 |
|
|a Almásy, Stephanus
|4 aut
|9 443394
|
| 245 |
1 |
0 |
|a Ad Eminenrissimum principem Cardinalem A Migazzi &c. &c.
|c Dum E Conclavi Communi Omnium Bonorum Congratulatione Ad Suos Feliciter Revertisset Recitata Anno M DCC LXXV Nomine Collegii Regii Theresiani Vaciensis Per Nobilem Dominum Stephanum Almásy De Török Szent Miklós. Phil. Et Math. Auditorem
|
| 260 |
|
|
|a Vacii
|b Typis Franc. Ignatii Ambro Privil. Typogr.
|c 1775
|
| 300 |
|
|
|a [12] s.
|c 21 cm
|
| 500 |
|
|
|a Titul a text v ozdobnom rámčeku. Drevorez. Ozdobná iniciála. Kustody
|
| 501 |
|
|
|a Prív. 1. k: ALAPI, Konštantín. Apologorum Moralium. Tyrnaviae : Typis Academicis Societatis Jesu, 1747.
|5 SNK SC 39716/prív.1
|
| 600 |
1 |
4 |
|a Migazzi, Christophoro Antonio,
|c arcibiskup,
|d 1714-1803
|9 443395
|
| 655 |
|
7 |
|a príležitostná poézia
|2 SNKPH
|9 86742
|
| 700 |
1 |
|
|a Ambró, Ferenc Ignác,
|d zomrel 1792
|4 prt
|9 443396
|
| 752 |
|
|
|a Maďarsko
|d Vác
|
| 852 |
|
|
|a snk
|p SC 39716/prív.1
|
| 958 |
|
|
|a ONDV
|
| 958 |
|
|
|a DD
|
| 999 |
|
|
|c 698342
|d 700272
|
| 952 |
|
|
|a SNK
|b SNK
|c SNK_KF
|y PREZ
|7 0
|p 17A1398950
|o snkSC 39716/prív.1
|i snkF 91/77
|8 5
|0 0
|1 0
|4 0
|d 2022-01-11
|l 0
|r 2026-02-23 20:48:47
|w 2026-02-23
|